000 00705nam a2200253Ia 4500
003 OSt
005 20220930195700.0
006 a|||||r|||| 00| 0
007 ta
008 220926b |||||||| |||| 00| 0 hin d
024 _a16298
037 _cDissertations
040 _aCRL
_cCRL
_bhin
041 _2hin
_ahin
100 _aDimri Shashi Prabha
110 _aUniversity of Delhi. Faculty of Arts. Department of Hindi
245 0 _aDevraj ka katha sahitya
260 _c1979
300 _a118p.
_ccm.
650 _aHINDI LITERATURE
_923866
700 _aUniversity of Delhi. Faculty of Arts. Department of Hindi
942 _cDIS
_2CC
999 _c899493
_d899493